000
00356nam a2200157Ia 4500
008
230524s9999 xx 000 0 und d
082
_a
5
_b
CHA
100
_a
S.K.Chauhan
245
0
_a
PC Organisation
250
_a
1ST
260
_a
NEW DELHI
_b
Kataria
_c
2002
300
_a
XIII;431
500
_a
Quantity Number: 2
650
_a
Comp-Sc
942
_c
BK
999
_c
33221
_d
33221